000 00719nam a2200217Ii 4500
001 15314
003 CO-ViMGA
008 241108s9999||||xx |||||||||||||| ||und||
020 _a9583337242
040 _aCO-ViMGA
_bspa
_erda
_cCO-ViMGA
041 0 _aspa
082 0 4 _a398.0986 F85
100 1 _aFundación Bat Colombia
_947095
245 1 0 _aLas voces de la memoria :
_bconversatorios sobre fiestas populares de Colombia 2002 y 2003
264 1 _aBogotá, Colombia : Ministerio de Cultura : Alcaldía Mayor de Bogotá, 2001
300 _avolumen
336 _atext
_btxt
_2rdacontent
337 _aunmediated
_bn
_2rdamedia
338 _avolume
_bnc
_2rdacarrier
940 _aidficha_siabuc: 14999. -- ficha_no_siabuc:15314
999 _c41675
_d41675